000 00633 a2200181 4500
999 _c5667
_d5667
020 _a9780201534870
050 _aTJ 216 FRA 1999
100 _aFranklin, Gene F.
_eauthor
245 _aFeedback control of dynamic systems /
_cGene F. Franklin, J. David Powell and Abbas Emami -Naeini
250 _a3rd ed.
264 _aU.S.A.:
_bAddison-Wesley Publishing Company,
_c1999
300 _a771p.
_bill.(col.)
500 _aIncludes bibliographical references and index
650 _aControl systems
_xDigital
700 _a Powell, J. David
_eauthor
700 _aEmami -Naeini, Abbas
_eauthor
942 _2lcc
_cBK
_e3rd ed.
_h216
_iFRA
_kTJ